000 00303nam a2200121Ia 4500
008 220204s9999 xx 000 0 und d
082 _a677
_bHES
100 _aHess, Katrarine Paddock
245 0 _aTextile fibres and their use
250 _a6
260 _aNew Delhi
_bOxford and IBH
_c1966
942 _cBK
999 _c23879
_d23879